<?xml version="1.0" encoding="UTF-8"?>
<record
    xmlns:xsi="http://www.w3.org/2001/XMLSchema-instance"
    xsi:schemaLocation="http://www.loc.gov/MARC21/slim http://www.loc.gov/standards/marcxml/schema/MARC21slim.xsd"
    xmlns="http://www.loc.gov/MARC21/slim">

  <leader>00937nam a22002297a 4500</leader>
  <controlfield tag="008">161207s2015        pn||||| |||| 00| 0 spa d</controlfield>
  <datafield tag="020" ind1=" " ind2=" ">
    <subfield code="a">9789962121824</subfield>
  </datafield>
  <datafield tag="082" ind1="0" ind2="4">
    <subfield code="a">707</subfield>
    <subfield code="b">L112l</subfield>
  </datafield>
  <datafield tag="110" ind1="1" ind2=" ">
    <subfield code="a">LAB Arte y Ciencia.</subfield>
    <subfield code="9">5681</subfield>
  </datafield>
  <datafield tag="245" ind1="1" ind2="0">
    <subfield code="a">Chiriqu&#xED; 2015 /</subfield>
    <subfield code="c">LAB Arte y Ciencia.</subfield>
  </datafield>
  <datafield tag="250" ind1=" " ind2=" ">
    <subfield code="a">1a ed.</subfield>
  </datafield>
  <datafield tag="260" ind1=" " ind2=" ">
    <subfield code="a">Panam&#xE1; :</subfield>
    <subfield code="b">Estudio Nuboso,</subfield>
    <subfield code="c">2015.</subfield>
  </datafield>
  <datafield tag="300" ind1=" " ind2=" ">
    <subfield code="a">4 v.</subfield>
  </datafield>
  <datafield tag="505" ind1="0" ind2="0">
    <subfield code="t">Volumen 1: Chiriqu&#xED; 2015</subfield>
    <subfield code="r">Ana Berta Carrizo, Ela Spalding, Emily Zhukov y Jonathan Hern&#xE1;ndez Arana.</subfield>
    <subfield code="t">Volumen 2: Traves&#xED;a</subfield>
    <subfield code="r">Viviana Morales Villamonte y Rom&#xE1;n Fl&#xF3;rez.</subfield>
    <subfield code="t">Volumen 3: Constelaciones</subfield>
    <subfield code="r">Ariadna Batista y Jos&#xE9; Carlos Zavarse Pinto.</subfield>
    <subfield code="t">Volumen 4: Ser caf&#xE9;</subfield>
    <subfield code="r">Aracelly Vega R&#xED;os y Carlos Fern&#xE1;ndez.</subfield>
  </datafield>
  <datafield tag="653" ind1="1" ind2="0">
    <subfield code="a">Arte contempor&#xE1;neo</subfield>
  </datafield>
  <datafield tag="653" ind1="1" ind2="0">
    <subfield code="a">Arte multidisciplinario</subfield>
  </datafield>
  <datafield tag="653" ind1="1" ind2="0">
    <subfield code="a">Arte y Ciencia</subfield>
  </datafield>
  <datafield tag="653" ind1="1" ind2="0">
    <subfield code="a">Artes visuales</subfield>
  </datafield>
  <datafield tag="653" ind1="1" ind2="0">
    <subfield code="a">Arte Latinoamericano</subfield>
  </datafield>
  <datafield tag="653" ind1="1" ind2="0">
    <subfield code="a">Expresi&#xF3;n art&#xED;stica</subfield>
  </datafield>
  <datafield tag="653" ind1="1" ind2="0">
    <subfield code="a">Investigaci&#xF3;n cient&#xED;fica </subfield>
  </datafield>
  <datafield tag="999" ind1=" " ind2=" ">
    <subfield code="c">1110</subfield>
    <subfield code="d">1110</subfield>
  </datafield>
  <datafield tag="952" ind1=" " ind2=" ">
    <subfield code="0">0</subfield>
    <subfield code="1">0</subfield>
    <subfield code="2">ddc</subfield>
    <subfield code="4">0</subfield>
    <subfield code="7">0</subfield>
    <subfield code="a">LV</subfield>
    <subfield code="b">LV</subfield>
    <subfield code="c">Monograf&#xED;as</subfield>
    <subfield code="d">2016-12-07</subfield>
    <subfield code="l">0</subfield>
    <subfield code="o">707 L112l</subfield>
    <subfield code="p">004177</subfield>
    <subfield code="r">2016-12-07 00:00:00</subfield>
    <subfield code="w">2016-12-07</subfield>
    <subfield code="y">01</subfield>
    <subfield code="z">Vol. 1</subfield>
  </datafield>
  <datafield tag="952" ind1=" " ind2=" ">
    <subfield code="0">0</subfield>
    <subfield code="1">0</subfield>
    <subfield code="2">ddc</subfield>
    <subfield code="4">0</subfield>
    <subfield code="7">0</subfield>
    <subfield code="a">LV</subfield>
    <subfield code="b">LV</subfield>
    <subfield code="d">2016-12-07</subfield>
    <subfield code="l">0</subfield>
    <subfield code="o">707 L112l</subfield>
    <subfield code="p">004315</subfield>
    <subfield code="r">2016-12-07 00:00:00</subfield>
    <subfield code="w">2016-12-07</subfield>
    <subfield code="y">01</subfield>
    <subfield code="z">Vol. 2</subfield>
  </datafield>
  <datafield tag="952" ind1=" " ind2=" ">
    <subfield code="0">0</subfield>
    <subfield code="1">0</subfield>
    <subfield code="2">ddc</subfield>
    <subfield code="4">0</subfield>
    <subfield code="7">0</subfield>
    <subfield code="a">LV</subfield>
    <subfield code="b">LV</subfield>
    <subfield code="c">Monograf&#xED;as</subfield>
    <subfield code="d">2016-12-07</subfield>
    <subfield code="l">0</subfield>
    <subfield code="o">707 L112l</subfield>
    <subfield code="p">004316</subfield>
    <subfield code="r">2016-12-07 00:00:00</subfield>
    <subfield code="w">2016-12-07</subfield>
    <subfield code="y">01</subfield>
    <subfield code="z">Vol. 3</subfield>
  </datafield>
  <datafield tag="952" ind1=" " ind2=" ">
    <subfield code="0">0</subfield>
    <subfield code="1">0</subfield>
    <subfield code="2">ddc</subfield>
    <subfield code="4">0</subfield>
    <subfield code="7">0</subfield>
    <subfield code="a">LV</subfield>
    <subfield code="b">LV</subfield>
    <subfield code="c">Monograf&#xED;as</subfield>
    <subfield code="d">2016-12-07</subfield>
    <subfield code="l">0</subfield>
    <subfield code="o">707 L112l</subfield>
    <subfield code="p">004317</subfield>
    <subfield code="r">2016-12-07 00:00:00</subfield>
    <subfield code="w">2016-12-07</subfield>
    <subfield code="y">01</subfield>
    <subfield code="z">Vol. 4</subfield>
  </datafield>
</record>
